Countries Bordering Sudan - Statistics

General Stats
  • This quiz has been taken 51 times
  • The average score is 7 of 7
Answer Stats
Hint Answer % Correct
C Chad
100%
E Eritrea
100%
S South Sudan
100%
E Egypt
93%
C Central African Republic
86%
E Ethiopia
86%
L Libya
86%
No matching quizzes found
Score Distribution
Percent of People with Each Score
Percentile by Number Answered
Your Score History
You have not taken this quiz